[Event "Nguyen-Timman Match 2019"]
[Site "Prague CZE"]
[Date "2019.06.17"]
[Round "3"]
[White "Nguyen,Thai Dai Van"]
[Black "Timman,J"]
[Result "1/2-1/2"]
[WhiteElo "2529"]
[BlackElo "2549"]

1.d4 Nf6 2.c4 e6 3.Nf3 Bb4+ 4.Nbd2 b6 5.a3 Bxd2+ 6.Qxd2 O-O 7.e3 Bb7 8.Be2 d6
9.O-O Nbd7 10.b4 Qe7 11.Bb2 Rfe8 12.Rfd1 Rad8 13.Qc2 c5 14.dxc5 bxc5 15.b5 e5
16.Nd2 e4 17.Qa4 Ra8 18.Qa5 Ne5 19.Nf1 Red8 20.Rd2 a6 21.Qc3 axb5 22.cxb5 Nd5
23.Qb3 Nb6 24.a4 d5 25.a5 Nbc4 26.Rdd1 Rab8 27.Bxe5 Nxe5 28.a6 Ba8 29.b6 c4
30.Qb1 Nd3 31.Bxd3 exd3 32.b7 Bxb7 33.axb7 Rxb7 34.Qa2 Rdb8 35.Qa5 Rb5 36.Qc3 g6
37.Nd2 Qb4 38.Rac1 Qxc3 39.Rxc3 Rb2 40.g3 Ra2 41.e4 Rbb2 42.exd5 Rxd2 43.Rxd2 Rxd2
44.Rxc4 Kf8 45.Rd4 Ke7 46.d6+ Kd7 47.Kg2 Re2 48.Rxd3 Re6 49.Rf3 f6 50.Ra3 Kxd6
51.Ra7 Re7 52.Ra6+ Ke5 53.f4+ Kf5 54.Kf3 h5 55.h3 g5 56.fxg5 Kxg5  1/2-1/2

[Event "FishPartners Open 2019"]
[Site "Spakenburg  NED"]
[Date "2019.06.29"]
[Round "1.3"]
[White "Timman,J"]
[Black "Reichardt,Thomas"]
[Result "1-0"]
[WhiteElo "2549"]
[BlackElo "1793"]

1.e4 e5 2.Nf3 Nc6 3.Bb5 Nf6 4.d3 d6 5.O-O Be7 6.c3 O-O 7.Nbd2 Bg4 8.Re1 h6
9.h3 Bh5 10.Nf1 Bg6 11.Ne3 Nh7 12.Nd5 f5 13.exf5 Bxf5 14.d4 e4 15.Nd2 Ng5
16.h4 Ne6 17.Nxe4 Bxh4 18.g3 Be7 19.Bd3 Bg5 20.Ne3 Bh3 21.Qh5 d5 22.Qxh3 dxe4
23.Qxe6+  1-0

[Event "FishPartners Open 2019"]
[Site "Spakenburg  NED"]
[Date "2019.06.29"]
[Round "2.3"]
[White "Van der Poel,H"]
[Black "Timman,J"]
[Result "1/2-1/2"]
[WhiteElo "2241"]
[BlackElo "2549"]

1.e4 e5 2.Nf3 Nc6 3.d4 exd4 4.Nxd4 Nf6 5.Nxc6 bxc6 6.e5 Qe7 7.Qe2 Nd5 8.c4 Nb6
9.Nc3 Qe6 10.Qe4 Ba6 11.b3 Bb4 12.Bd2 Bxc3 13.Bxc3 d5 14.Qh4 dxc4 15.Rc1 Qg6
16.g3 O-O 17.Be2 Rfe8 18.O-O f6 19.Bh5 Qh6 20.Bxe8 Qxh4 21.gxh4 Rxe8 22.Rfe1 f5
23.Bd4 cxb3 24.Rxc6 bxa2 25.Rxc7 Nd5 26.Rxa7 Bc4 27.Ra4 Bb3 28.Ra3 Rb8 29.e6 Bc4
30.e7 Nc7 31.f3 Kf7 32.Kf2 Ne6 33.Ra7 Re8 34.Ba1 g6 35.Rc1 Bd5 36.Rd1 Bc4
37.Rc1 Bd5  1/2-1/2

[Event "FishPartners Open 2019"]
[Site "Spakenburg  NED"]
[Date "2019.06.29"]
[Round "5.1"]
[White "Timman,J"]
[Black "Van de Griendt,JW"]
[Result "1/2-1/2"]
[WhiteElo "2549"]
[BlackElo "2332"]

1.e4 e5 2.Nf3 Nc6 3.Bb5 a6 4.Ba4 Nf6 5.O-O Be7 6.Re1 b5 7.Bb3 O-O 8.a4 b4
9.d4 d6 10.dxe5 Nxe5 11.Nxe5 dxe5 12.Qxd8 Rxd8 13.Nd2 Kf8 14.Nc4 Nxe4 15.Nxe5 Bc5
16.Be3 f6 17.Nd3 Bxe3 18.Rxe3 Nd2 19.Ba2 Bf5 20.Nxb4 c5 21.Nd5 Rab8 22.Re2 Ne4
23.c3 Rd6 24.Ne3 Bg6 25.Nc4 Rdd8 26.Rae1 Nd6 27.Nxd6 Rxd6 28.Bc4 Be8 29.a5 Bb5
30.Bxb5 Rxb5 31.h4 Rd7 32.Ra1 Kf7 33.g3 h5 34.Kg2 Rdb7 35.Ra2 Rd7 36.Kf3 Rd3+
37.Kg2 Rd1 38.Ra4 Rb1 39.Ra2 Rd1 40.b4 cxb4 41.cxb4 Rxb4 42.Rac2 Rd5 43.Rc7+ Kg8
44.Ree7 Rg4 45.f3 Rg6 46.Rc8+ Kh7 47.Ree8 Rh6 48.Rh8+ Kg6  1/2-1/2

[Event "Xtracon Chess Open 2019"]
[Site "Helsingor DEN"]
[Date "2019.07.22"]
[Round "4.12"]
[White "Percivaldi,Martin"]
[Black "Timman,J"]
[Result "1-0"]
[WhiteElo "2379"]
[BlackElo "2549"]

1.d4 Nf6 2.c4 e6 3.g3 Bb4+ 4.Bd2 Qe7 5.Bg2 Nc6 6.Nf3 Bxd2+ 7.Nbxd2 d6 8.O-O O-O
9.e4 e5 10.d5 Nb8 11.b4 c6 12.Ne1 a5 13.a3 Bg4 14.f3 Bd7 15.Nd3 cxd5 16.exd5 Rc8
17.Qb3 Bf5 18.Ne4 Nbd7 19.Rac1 axb4 20.axb4 h6 21.Kh1 Bg6 22.Rfe1 Ra6 23.Ra1 Rxa1
24.Rxa1 Nxe4 25.fxe4 f5 26.exf5 Bxf5 27.Rf1 Qg5 28.Nf2 Nf6 29.c5 e4 30.c6 Qd2
31.Nd1 Ng4 32.cxb7 Rb8 33.Rxf5 e3 34.Qc3 Qxd1+ 35.Rf1 e2 36.Qc8+ Rxc8 37.bxc8=Q+ Kh7
38.Be4+  1-0

[Event "Xtracon Chess Open 2019"]
[Site "Helsingor DEN"]
[Date "2019.07.23"]
[Round "5.18"]
[White "Timman,J"]
[Black "Buchal,S"]
[Result "1/2-1/2"]
[WhiteElo "2549"]
[BlackElo "2260"]

1.e4 d6 2.d4 Nf6 3.Nc3 g6 4.f4 Bg7 5.Nf3 c5 6.Bb5+ Bd7 7.e5 Ng4 8.e6 fxe6
9.Ng5 Bxb5 10.Nxb5 Qa5+ 11.c3 Qxb5 12.Nxe6 Qc4 13.Qxg4 cxd4 14.f5 Bf6 15.fxg6 hxg6
16.Qxg6+ Kd7 17.Nxd4 Bxd4 18.Qg4+ Qe6+ 19.Qxe6+ Kxe6 20.cxd4 Rh4 21.O-O Nc6
22.Bf4 Kd5 23.g3 Rg8 24.Kh1 Rh3 25.Rad1 Nxd4 26.Bxd6 e5 27.Bxe5 Kxe5 28.Rfe1+ Kd5
29.Re7 Rgh8  1/2-1/2

[Event "Xtracon Chess Open 2019"]
[Site "Helsingor DEN"]
[Date "2019.07.24"]
[Round "6.27"]
[White "Olsson,Li"]
[Black "Timman,J"]
[Result "1-0"]
[WhiteElo "2242"]
[BlackElo "2549"]

1.d4 Nf6 2.c4 e6 3.Nc3 Bb4 4.Qc2 b6 5.e4 c5 6.d5 Qe7 7.Be2 d6 8.Nf3 O-O 9.Be3 Bxc3+
10.bxc3 Ng4 11.Bg5 f6 12.Bf4 e5 13.Bd2 f5 14.h3 Nh6 15.Bxh6 gxh6 16.g4 fxe4
17.Qxe4 Rf4 18.Qe3 Nd7 19.O-O-O b5 20.g5 hxg5 21.Nxg5 Nf6 22.Rhg1 Kh8 23.cxb5 a6
24.bxa6 c4 25.Qb6 Ne8 26.Rg3 h6 27.Ne6 Re4 28.Bf3 Rxa6 29.Qb8 Bxe6 30.Bxe4 Bf7
31.Kb2 Qh4 32.Bc2 Qf4 33.Rdg1 Qxf2 34.Qxe8+  1-0